Statistiques concernant QUIZ-Capitales des pays de l'ONU (+3) avec le nom des pays

Cliquez ici pour prendre le quiz!

Statistiques générales

  • Ce quiz a été pris 36 fois
  • Le résultat moyen est 136 sur 196

Statistiques - réponses

PaysCapitale% Correct
AlgérieAlger
96%
AustralieCanberra
96%
VietnamHanoï
96%
IsraëlJérusalem
96%
AfghanistanKaboul
96%
ChinePékin
96%
Arabie saouditeRiyad
96%
JaponTokyo
96%
AzerbaïdjanBakou
92%
AllemagneBerlin
92%
BelgiqueBruxelles
92%
ArménieErevan
92%
FinlandeHelsinki
92%
IndonésieJakarta
92%
KoweïtKoweït
92%
EspagneMadrid
92%
BiélorussieMinsk
92%
MonacoMonaco
92%
RussieMoscou
92%
IndeNew Delhi
92%
ChypreNicosie
92%
FranceParis
92%
Corée du NordPyongyang
92%
ItalieRome
92%
Corée du SudSéoul
92%
IranTéhéran
92%
AutricheVienne
92%
AndorreAndorre-la-Vieille
88%
TurquieAnkara
88%
GrèceAthènes
88%
IrakBagdad
88%
ThaïlandeBangkok
88%
SuisseBerne
88%
LibanBeyrouth
88%
ColombieBogotá
88%
HongrieBudapest
88%
BangladeshDacca
88%
SyrieDamas
88%
QatarDoha
88%
JamaïqueKingston
88%
Saint-Vincent-et-les-GrenadinesKingstown
88%
PortugalLisbonne
88%
LuxembourgLuxembourg
88%
CanadaOttawa
88%
MarocRabat
88%
IslandeReykjavik
88%
SingapourSingapour
88%
TunisieTunis
88%
PologneVarsovie
88%
États-UnisWashington
88%
Nouvelle-ZélandeWellington
88%
Pays-BasAmsterdam
83%
ArgentineBuenos Aires
83%
DanemarkCopenhague
83%
SénégalDakar
83%
IrlandeDublin
83%
MalaisieKuala Lumpur
83%
MalteLa Valette
83%
ÉgypteLe Caire
83%
PérouLima
83%
KazakhstanNoursoultan
83%
NorvègeOslo
83%
LettonieRiga
83%
ChiliSantiago
83%
BulgarieSofia
83%
SuèdeStockholm
83%
TaïwanTaipei
83%
EstonieTallinn
83%
GéorgieTbilissi
83%
AlbanieTirana
83%
LiechtensteinVaduz
83%
VaticanVatican
83%
LituanieVilnius
83%
JordanieAmman
79%
BrésilBrasilia
79%
RoumanieBucarest
79%
VenezuelaCaracas
79%
PakistanIslamabad
79%
Royaume-UniLondres
79%
PhilippinesManille
79%
MexiqueMexico
79%
UruguayMontevideo
79%
MongolieOulan-Bator
79%
PanamáPanamá
79%
CambodgePhnom Penh
79%
Afrique du SudPretoria
79%
EquateurQuito
79%
CroatieZagreb
79%
DjiboutiDjibouti
75%
SoudanKhartoum
75%
UkraineKiev
75%
HaitiPort-au-Prince
75%
République tchèquePrague
75%
YémenSanaa
75%
SalvadorSan Salvador
75%
Bosnie-HerzégovineSarajevo
75%
BolivieSucre
75%
Emirats Arabes UnisAbu Dhabi
71%
GhanaAccra
71%
MadagascarAntananarivo
71%
ParaguayAsunción
71%
SerbieBelgrade
71%
MoldavieChisinau
71%
GuatemalaGuatemala
71%
NépalKatmandou
71%
République démocratique du CongoKinshasa
71%
CubaLa Havane
71%
MaldivesMalé
71%
BahreïnManama
71%
Burkina FasoOuagadougou
71%
MonténégroPodgorica
71%
Saint-MarinSaint-Marin
71%
LaosVientiane
71%
ÉthiopieAddis-Abeba
67%
SlovaquieBratislava
67%
République du CongoBrazzaville
67%
SlovénieLjubljana
67%
OmanMascate
67%
KenyaNairobi
67%
République DominicaineSaint-Domingue
67%
Macédoine du NordSkopje
67%
LibyeTripoli
67%
Côte d’IvoireYamoussoukro
67%
MaliBamako
63%
Timor OrientalDili
63%
Papouasie-Nouvelle-GuinéePort Moresby
63%
KosovoPristina
63%
Sao Tomé-et-PrincipeSão Tomé
63%
BelizeBelmopan
58%
Guinée-BissauBissau
58%
Sierra LeoneFreetown
58%
GabonLibreville
58%
TogoLomé
58%
NicaraguaManagua
58%
BahamasNassau
58%
MauricePort-Louis
58%
OuzbékistanTachkent
58%
HondurasTegucigalpa
58%
CamerounYaoundé
58%
KirghizistanBichkek
54%
GuinéeConakry
54%
TchadN'Djaména
54%
MauritanieNouakchott
54%
VanuatuPort-Vila
54%
DominiqueRoseau
54%
Antigua-et-BarbudaSaint John's
54%
Costa RicaSan José
54%
FidjiSuva
54%
BhoutanThimphou
54%
SeychellesVictoria
54%
NigeriaAbuja
50%
TurkménistanAchgabat
50%
Saint-Christophe-et-NiévèsBasseterre
50%
Sainte-LucieCastries
50%
TanzanieDodoma
50%
GuyanaGeorgetown
50%
RwandaKigali
50%
AngolaLuanda
50%
ZambieLusaka
50%
NigerNiamey
50%
SurinameParamaribo
50%
BéninPorto-Novo
50%
Cap-VertPraia
50%
SamoaApia
46%
ÉrythréeAsmara
46%
Brunéi DarussalamBandar Seri Begawan
46%
GambieBanjul
46%
TadjikistanDouchanbé
46%
BotswanaGaborone
46%
ZimbabweHarare
46%
ComoresMoroni
46%
BirmanieNay Pyi Taw/Naypyidaw
46%
MicronésiePalikir
46%
Trinité-et-TobagoPort-d'Espagne
46%
GrenadeSaint-Georges
46%
KiribatiTarawa
46%
BarbadeBridgetown
42%
Guinée équatorialeMalabo
42%
MozambiqueMaputo
42%
République centrafricaineBangui
38%
Soudan du SudDjouba
38%
TuvaluFunafuti
38%
BurundiGitega
38%
SalomonHoniara
38%
LesothoMaseru
38%
EswatiniMbabane
38%
SomalieMogadiscio
38%
LibériaMonrovia
38%
TongaNukuʻalofa
38%
NamibieWindhoek
38%
Îles MarshallDelap-Uliga-Darrit/Majuro
33%
OugandaKampala
33%
MalawiLilongwe
29%
Sri LankaSri Jayawardenapura Kotte
21%
PalaosMelekeok
8%
NauruYaren (de facto)
0%

Distribution des résultats

Percentile par nombre de réponses

% des personnes avec chaque résultat

Votre développement - résultats

Vous n’avez pas pris ce quiz